The Stuff I Love - Statistics

General Stats
  • This quiz has been taken 274 times
    115 since last reset
  • The average score is 16 of 33
Answer Stats
Hint Answer % Correct
Fast Food Chain McDonalds
95%
Study of Celestial bodies in Space Astronomy
83%
Fast Food Chain Burger King
78%
Movie Snack Popcorn
77%
Big Cat Tiger
73%
Classical Composer from Germany Ludwig Van Beethoven
69%
Classical Composer from Austria Wolfgang Amadeus Mozart
69%
Game Console Xbox
63%
Country (Land of Fire and Ice) Iceland
59%
Family Member Mom
56%
Country (Europe) Germany
55%
Major School Subject History
54%
Musical Instrument (Brass) Trumpet
53%
Fast Food Chain KFC
49%
Marine Species Shark
49%
Gender Women
48%
Entertainment Company Disney
46%
Friend (Name starts with T) Tom
44%
Prehistoric Species (Went extinct 65 MYA) Dinosaurs
43%
Cheezy snack Cheez-it
41%
Longest average living Dog Breed (c) Chihuahua
38%
The Snack that Smiles Back! Gold Fish
38%
1990's Movie (Starts with J) Jurassic Park
37%
Reptile Crocodile
36%
Type of nerds that JetPunk is filled with Geography
35%
Marvel Actor (C) Chris Hemsworth
33%
1991 Rock Album (Guess Artist or Album) Nevermind - Nirvana
33%
Type of Dog I have (Named after an American City) Boston Terrier
32%
Fast Food Chain Chick-Fil-A
32%
Youtube Legends from Texas (Known for trickshots) Dude Perfect
26%
Actor who stared in the below Jeff Goldblum
22%
TV Show hosted by Jon Taffer Bar Rescue
11%
Video Game Characters (Group of 7) Koopalings (Mario)
2%
No matching quizzes found
Score Distribution
Percent of People with Each Score
Percentile by Number Answered
Your Score History
You have not taken this quiz since the last reset